banner-ar

حقوق الانسان اثناء النزاعات المسلحة : (Record no. 60610)

MARC details
000 -الفاتح
حقل البيانات ثابتة الطول 00904nam a22002177a 4500
005 - وقت وتاريخ اخر تعامل مع التسجيلة
رقم الضبط 20240530110419.0
008 - عناصر البيانات ثابتة الطول - معلومات عامة
حقل البيانات ثابتة الطول 141018s2010 ua gr 000 0 ara d
017 ## - رقم الايداع القانونى
رقم الايداع القانونى 20495/2009
المصدر ( الهيئة المختصة) مصر . دار الكتب المصرية
020 ## - الرقم الدولى المعيارى للكتب
الرقم الدولى المعيارى للكتاب 9789773286526
040 ## - مصدر الفهرسة
وكالة الفهرسة الأصلية EG-CaGPL
082 04 - رقم تصنيف ديوى العشرى
رقم الطبعة 21
رقم التصنيف 341.52\
رقم المادة م ح
100 0# - المدخل الرئيسى - إسم شخصى
الإسم الشخصى منتصر سعيد حمودة
245 10 - بيان العنوان
العنوان حقوق الانسان اثناء النزاعات المسلحة :
بقية العنوان دراسة مقارنة فى ضوء احكام القانون الدولى الانسانى /
بيان المسئوليه,etc منتصر سعيد حمودة
260 ## - PUBLICATION, DISTRIBUTION, ETC. (IMPRINT)
تاريخ النشر أو التوزيع 2010
300 ## - الوصف المادى
التعداد 250 ص ؛
أبعاد الوعاء 24 سم
650 04 - المدخل الاضافى بالموضوع-مصطلح موضوعى
مصطلح موضوعي القانون الدولى
650 04 - المدخل الاضافى بالموضوع-مصطلح موضوعى
مصطلح موضوعي نزع السلاح
650 04 - المدخل الاضافى بالموضوع-مصطلح موضوعى
مصطلح موضوعي القانون الدولى
التقسيم الفرعي العام حقوق الانسان
942 ## - عناصر المدخل الإضافي( كوها)
مصدر التصنيف او مخطط الترفيف Dewey Decimal Classification
Koha [default] item type كتاب
260 ## - PUBLICATION, DISTRIBUTION, ETC. (IMPRINT)
-- الاسكندرية :
-- دار الجامعة الجديدة ،
Holdings
حالة التراجع حالة الفقد حالة تلف ليس للاعارة المكان المؤقت الموقع الحالى تاريخ الاكتساب اجمالي اﻻعارات رقم الطلب الباركود تاريخ اخر مشاهدة تاريخ تفعيل السعر نوع وعاء كوها
        مكتبة القاهرة الكبرى مكتبة القاهرة الكبرى 03/09/2015   341.52\ م ح 159709 03/09/2015 03/09/2015 كتاب

Powered By

EGPV